00453nam a2200145 i 4500001000300000100002400003245006000027260002100087650002400108650002000132040000800152041000800160008004100168856009800209bg1 aSCZANIECKI, Michał 0aPowszechna historia państwa i prawa /cM. Sczaniecki. aWarszawa,c1985. 9aPaństwoxhistoria 9aPrawoxhistoria cBPK apol s pl f |000 0 pol  uhttp://koha.tu.koszalin.pl/cgi-bin/koha/opac-detail.pl?biblionumber=28192yKatalog online BPK